Actors of 1996 - Statistics

General Stats
  • This quiz has been taken 9 times
  • The average score is 4 of 8
Answer Stats
Birthday Movie Actor/Actress % Correct
June 1 Captain America: Civil War Tom Holland
88%
September 1 The Greatest Showman Zendaya
88%
January 15 Descendants Dove Cameron
50%
December 11 Bumblebee (2018) Hailee Steinfeld
50%
January 3 Black Widow Florence Pugh
38%
October 9 Spiderman: Far From Home Jacob Batalon
38%
September 17 Ms. Peregrine's Home for Peculiar Children Ella Purnell
13%
December 21 Ticket to Paradise Kaitlyn Dever
13%
No matching quizzes found
Score Distribution
Percent of People with Each Score
Percentile by Number Answered
Your Score History
You have not taken this quiz